| 000 | 00452nam a2200157 a 4500 | ||
|---|---|---|---|
| 001 | 2154 | ||
| 005 | 20140414131918.0 | ||
| 008 | 010309s19uu xx 00 eng d | ||
| 050 |
_aER _bL46 1974 |
||
| 100 | _aBurt, Denise | ||
| 245 |
_aLester the dragon lizard / _cstory by Denise Burt ; pictures by Tom Bishop. |
||
| 260 |
_aSydney : _bRigby Opal Books, _c1974. |
||
| 300 | _ap. : ill. ; cm. | ||
| 650 |
_aLizard stories _xFiction. |
||
| 999 |
_c111594 _d111594 |
||